| 000 | 00415nam a2200157 i 4500 | ||
|---|---|---|---|
| 001 | 39091 | ||
| 003 | ES-MaACL | ||
| 005 | 20230906155905.0 | ||
| 007 | t| | ||
| 008 | 030227s1923 sp ||||1| spa d | ||
| 100 | 1 |
_aCamprubí, Martín. _934306 |
|
| 245 | 1 | 0 |
_aSindicalismo revolucionario / _cMartín Camprubí. |
| 260 |
_aBarcelona : _bLa Hormiga de Oro, _c1923. |
||
| 300 | _a40 p. | ||
| 852 |
_aES-MaACL _j1648-F-6 |
||
| 999 |
_c39091 _d39091 |
||